Selected short stories / (Record no. 75160)

MARC details
000 -LEADER
campo de control de longitud fija 00771nam a2200217 i 4500
001 - NÚMERO DE CONTROL
campo de control 75160
003 - IDENTIFICADOR DE NÚMERO DE CONTROL
campo de control ES-MaACL
005 - FECHA Y HORA DE LA ÚLTIMA TRANSACCIÓN
campo de control 20230906172345.0
007 - CAMPO FIJO DE DESCRIPCIÓN FÍSICA--INFORMACIÓN GENERAL
campo de control de longitud fija t|
008 - DATOS DE LONGITUD FIJA--INFORMACIÓN GENERAL
campo de control de longitud fija 040922s1958 sp ||||1| eng d
100 1# - ENTRADA PRINCIPAL--NOMBRE DE PERSONA
Nombre de persona Cunninghame Graham, R. B. (
Fechas asociadas al nombre 1852-1936)
9 (RLIN) 152420
245 10 - MENCIÓN DEL TÍTULO
Título Selected short stories /
Mención de responsabilidad, etc. R.B. Cunninghame Graham ; chosen and writh an introduction by Clover Pertiñez.
260 ## - PUBLICACIÓN, DISTRIBUCIÓN, ETC.
Lugar de publicación, distribución, etc. Madrid :
Nombre del editor, distribuidor, etc. Alhambra,
Fecha de publicación, distribución, etc. [1958] (
Fabricante Nuevas Gráficas)
300 ## - DESCRIPCIÓN FÍSICA
Extensión 122 p., ;
Dimensiones 17 cm.
490 1# - MENCIÓN DE SERIE
Mención de serie The Alhambra Series of English Literature
650 04 - PUNTO DE ACCESO ADICIONAL DE MATERIA--TÉRMINO DE MATERIA
Término de materia o nombre geográfico como elemento de entrada Lengua inglesa-
Subdivisión de forma Lecturas.
9 (RLIN) 14279
700 1# - ENTRADA AGREGADA--NOMBRE PERSONAL
Nombre de persona Pertiñez, Clover.
9 (RLIN) 91411
830 0# - PUNTO DE ACCESO ADICIONAL DE SERIE-TÍTULO UNIFORME
Título uniforme The Alhambra Series of English Literature
9 (RLIN) 231242
852 ## - LOCALIZACIÓN
Ubicación ES-MaACL
Número de control de estantería C-18069
Sublocalización o colección R.43765
Holdings
Estatus retirado Estado de pérdida Estado de daño No para préstamo Biblioteca de origen Biblioteca actual Ubicación en estantería Fecha de adquisición Fuente de adquisición Total de préstamos Signatura topográfica completa Código de barras Visto por última vez Precio de reemplazo Tipo de ítem Koha
        Biblioteca del Ateneo de Madrid Biblioteca del Ateneo de Madrid Galería 17/01/2008     C-18069 1078667 23/02/2023 23/02/2023 Libro impreso